000 00516nam a22001817a 4500
005 20231121065146.0
008 231121b |||||||| |||| 00| 0 eng d
020 _a9780409116854
041 _aEnglish
082 _a343.4 PRA
100 _lEnglish
245 _aThe LexisNexis Practical Guide to Tax in Namibia
250 _aSixth Edition
260 _aDurban :
_bLexisNexis,
_c2008
300 _bxv, 197 pages ;
_c22 cm.
650 _aLegal practice
_bLaw
942 _cBK
_6ALISON_BN_VRIES
999 _c819
_d819